Midwest and Punk Emo Artists By Their Songs - Statistics

General Stats
  • This quiz has been taken 135 times
    133 since last reset
  • The average score is 7 of 16
Answer Stats
Hint Answer % Correct
Tears Over Beers, Re-Do, Your Graduation Modern Baseball
95%
Never Meant, Uncomfortably Numb, Honestly? American Football
84%
Edward 40Hands, What's Up?, you can't eat cats kevin Mom Jeans.
80%
Pallet Town, Two Beers In, Randy, I am The Liquor Free throw
71%
*Equip Sunglasses*, Featuring Mark Hoppus, BCKYRD Hot Mulligan
57%
Art School Wannabe, Using, Blonde Hair Black Lungs Sorority Noise
46%
Words That Rhyme With Different Etc., I Am the Boy, I love to be chill sports.
37%
The Title Track, The Air Up Here, Noah Fence Origami Angel
34%
Daylily, Colorblind, Full Circle Movements
33%
December, Wish You Were Here, A Part of Me Neck Deep
28%
Clairvoyant, Nerve, Thing I Can't Change The Story So Far
28%
Gum, Honey, Knuckles Moose Blood
21%
We Own the Night, Inspire the Liars, Betrayed By The Game Dance Gavin Dance
20%
Caution, Medicine, Common Cold Tiny Moving Parts
19%
From The Outside, Waiting Room, I've Given Up on You Real Friends
16%
Airports, Minnesota? Wild., Backseat Therapist Tiny Voices
11%
No matching quizzes found
Score Distribution
Percent of People with Each Score
Percentile by Number Answered
Your Score History
You have not taken this quiz since the last reset